000 01137nam a22002897a 4500
001 4664
003 FISKH
005 20240919115121.0
008 240919b cb ||||| |||| 00| 0 eng d
020 _a9780545234955
040 _aFISKH
_beng
_cFISKH
_dFISKH
050 _aE185.K5
082 _a323.092
100 _aKurtz, Jane
245 _aMartin's dream /
_cby Jane Kurtz ; Illustrated by Amy June Bates
250 _aFirst Scholastic printing, January 2010.
260 _aNew York :
_bScholastic,
_c2008.
300 _a30 unnumbered pages :
_bcolor illustrations ;
_c23 cm
505 _aM
520 _a"In 1963 Dr. Martin Luther King Jr. gave a speech that proclaimed that it was time - long overdue - for all men to be treated as equals. Today his beliefs are more important than ever, and author Jane Kurtz explains Dr. King's words in language even the youngest reader can understand"
521 8 _a540
_bLexile
521 8 _aM
_bRaz-Plus
650 _aBiography
_vMartin Luther King
_xCivil Rights Movement
700 _aBates, Amy June
_eIllustrator
942 _2ddc
_cBK
_n0
999 _c4664
_d4664